Slovensko vítalo Ameriku Ministerstvo školstva a vedy informuje
Slovensko-americká spoločná rada pre vedecko-technickú spoluprácu. Schválenie 19 slovensko-amerických vedeckých projektov. Interdisciplinárny prístup riešení problematiky. Agentúra pre medzinárodnú vedecko-technickú spoluprácu.
Salvato in:
| Autore principale: | |
|---|---|
| Natura: | Capitolo di libro |
| Lingua: | slovacco |
| Soggetti: | |
| Tags: |
Nessun Tag, puoi essere il primo ad aggiungerne!!
|
MARC
| LEADER | 00000naa a2200000 4500 | ||
|---|---|---|---|
| 001 | r024896 | ||
| 005 | 20221213114821.6 | ||
| 041 | 0 | |a slo | |
| 044 | |a SK | ||
| 245 | 1 | 0 | |a Slovensko vítalo Ameriku |b Ministerstvo školstva a vedy informuje |c Jiří Felix |
| 520 | |a Slovensko-americká spoločná rada pre vedecko-technickú spoluprácu. Schválenie 19 slovensko-amerických vedeckých projektov. Interdisciplinárny prístup riešení problematiky. Agentúra pre medzinárodnú vedecko-technickú spoluprácu. | ||
| 610 | 2 | 0 | |a spolupráca vedecká medzinárodná |
| 610 | 2 | 0 | |a spolupráca vedeckotechnická |
| 610 | 2 | 0 | |a USA |
| 610 | 2 | 0 | |a Slovensko |
| 610 | 2 | 0 | |a SAV Bratislava |
| 610 | 2 | 0 | |a ústavy vedecké |
| 610 | 2 | 0 | |a MŠV SR Bratislava |
| 610 | 2 | 0 | |a projekty |
| 100 | 1 | |a Felix, Jiří | |